| Поле | Название | Значение |
| |
Тип записи |
a |
| |
Библиографический уровень |
m |
| 001 |
Контрольный номер |
2478364200bf4977a10fecc6cd7262e8 |
| 005 |
Дата корректировки |
20160927095738.3 |
| 010 |
Индекс ISBN |
__ |
| a |
ISBN |
978-5-222-14439-8 |
| 200 |
Заглавие и сведения об ответственности |
1_ |
| a |
Заглавие |
Культура гостинично-туристского сервиса |
| b |
Общее обозначение материала |
Текст |
| e |
Сведения, относящиеся к заглавию |
учебное пособие |
| 205 |
Сведения об издании |
__ |
| a |
Основные сведения об издании |
2-е изд. |
| 210 |
Выходные данные |
1_ |
| a |
Место издания |
Ростов н/Д |
| c |
Издательство |
Феникс |
| d |
Дата издания |
2008 |
| 215 |
Физическое описание |
__ |
| a |
Объем |
503 с. |
| 225 |
Серия |
2_ |
| a |
Серия |
Высшее образование |
| 330 |
Аннотация |
__ |
| a |
Аннотация |
Рассмотрены основные тенденции развития гостинично-туристского сервиса. |
| 606 |
Тематические рубрики |
__ |
| a |
Основная рубрика |
Экономика гостиничного хозяйства |
| 610 |
Ключевые слова |
0_ |
| a |
Ключевые слова |
организационная культура гостинично-туристского сервиса |
| a |
Ключевые слова |
психологическая культура гостинично-туристского сервиса |
| a |
Ключевые слова |
эстетическая культура гостинично-туристского сервиса |
| a |
Ключевые слова |
культура деловых взаимоотношений |
| a |
Ключевые слова |
имидж гостинично-туристского сервиса |
| a |
Ключевые слова |
маркетинг в гостинично-туристском сервисе |
| 686 |
Индексы других классификаций |
__ |
| a |
Классификационный индекс |
65.432 |
| 2 |
Код системы |
rubbk |
| 700 |
Автор |
_1 |
| a |
Фамилия |
Федцов |
| b |
Имя |
В. Г. |
| 852 |
Данные о местонахождении |
__ |
| i |
Авторский знак |
Ф 35 |
| j |
Шифр хранения |
65.43 |
| 938 |
Служебная информация |
__ |
| a |
Название организации |
Волгоградский филиал |
| b |
Имя БД |
Каталог_ВКИ |
| c |
Название АИБС |
АИБС МАРК-SQL |
| 952 |
Тип литературы |
__ |
| b |
Гриф литературы для ВШ |
гриф УМО |
| c |
Вид литературы |
учебное пособие |